Contract arrangements (Record no. 65667)

MARC details
000 -LEADER
fixed length control field 01101cam a2200217 4500
001 - CONTROL NUMBER
control field ABS63260
008 - FIXED-LENGTH DATA ELEMENTS--GENERAL INFORMATION
fixed length control field 000000n2000 000 0 eng u
035 ## - SYSTEM CONTROL NUMBER
System control number (Sirsi) u110106
100 ## - MAIN ENTRY--PERSONAL NAME
Personal name Brewer, G
245 ## - TITLE STATEMENT
Title Contract arrangements
260 ## - PUBLICATION, DISTRIBUTION, ETC.
Date of publication, distribution, etc. 2000
490 ## - SERIES STATEMENT
Series statement Contract Journal
Volume/sequential designation 406(6305) 29 November 2000, 25(1)
520 ## - SUMMARY, ETC.
Summary, etc. Looks at retrospective effects of contracts and the implication for the Construction Act referring to the decision in "Atlas Ceiling & Partition Company Ltd v Crowngate Estates (Cheltenham) Ltd". A contract may be made on the date when outstanding matters of agreement between the parties are resolved and have retrospective effect: this gives rise to a situation where disputes which arise prior to 1 May 1998 are nevertheless brought within the ambit of the Act.
590 ## - LOCAL NOTE (RLIN)
Local note ABS
650 ## - SUBJECT ADDED ENTRY--TOPICAL TERM
Topical term or geographic name entry element CONTRACT CLAIMS
650 ## - SUBJECT ADDED ENTRY--TOPICAL TERM
Topical term or geographic name entry element ATLAS CEILING & PARTITION COMPANY V CROWNGATE ESTATES
650 ## - SUBJECT ADDED ENTRY--TOPICAL TERM
Topical term or geographic name entry element HOUSING GRANTS, CONSTRUCTION AND REGENERATION ACT 1996
650 ## - SUBJECT ADDED ENTRY--TOPICAL TERM
Topical term or geographic name entry element RETROSPECTIVE EFFECT
690 ## - LOCAL SUBJECT ADDED ENTRY--TOPICAL TERM (OCLC, RLIN)
Topical term or geographic name as entry element BUILT ENVIRONMENT-BUILDING CONTRACT FORMS
942 ## - ADDED ENTRY ELEMENTS (KOHA)
Suppress in OPAC 0
Holdings
Withdrawn status Lost status Source of classification or shelving scheme Damaged status Not for loan Home library Current library Shelving location Date acquired Total Checkouts Full call number Barcode Date last seen Copy number Price effective from Koha item type
    Dewey Decimal Classification     London London Journal article 03/01/2001   ABS63260 110106-1001 06/08/2019 1 06/08/2019 Journal article